000
00216 a2200097 4500
001
12975
100
_a
Oliver,P
245
_a
Writing Your Thesis
260
_a
ND
_b
Vistaar Publicaton, ND
_c
2004
090
_c
9974
_d
9974
942
_a
NUST-CAE
_c
M
_c
36904
999
_c
248048
_d
248048